YAO & ARTUSIOS ANESTHESIOLOGY (Record no. 14828)

MARC details
000 -LEADER
fixed length control field 00284nam a22001337a 4500
003 - CONTROL NUMBER IDENTIFIER
control field SGT
082 ## - DEWEY DECIMAL CLASSIFICATION NUMBER
Classification number 617.96
Item number Y16Y
100 ## - MAIN ENTRY--PERSONAL NAME
Personal name YAO, FUN SUN F.
245 ## - TITLE STATEMENT
Title YAO & ARTUSIOS ANESTHESIOLOGY
250 ## - EDITION STATEMENT
Edition statement 8TH
260 ## - PUBLICATION, DISTRIBUTION, ETC. (IMPRINT)
Place of publication, distribution, etc INDIA
Name of publisher, distributor, etc WOLTER
Year of Publication 2016
300 ## - PAGE DESCRIPTION
No. of Pages 1267
942 ## - ADDED ENTRY ELEMENTS (KOHA)
Source of classification or shelving scheme Dewey Decimal Classification
Koha item type Books
Holdings
Withdrawn status Lost status Source of classification or shelving scheme Damaged status Not for loan Collection code Home library Current library Shelving location Date acquired Vendor Name SGTU Total Checkouts Full call number Accession No. (Barcode) Date last seen Bill Date Koha item type
    Dewey Decimal Classification     MEDICAL SGT Medical Library SGT Medical Library Reference Book 29/01/2018 ABC SGTU   617.96 Y16Y FM9683 29/01/2018 29/01/2018 Books
    Dewey Decimal Classification     MEDICAL SGT Medical Library SGT Medical Library Reference Book 29/01/2018 ABC SGTU   617.96 Y16Y FM9684 29/01/2018 29/01/2018 Books